000 00482nam a2200169Ia 4500
008 110201s9999 xx 000 0 und d
082 _bB7658
_aP 147
100 _aपाटील दिलीप
245 _aकोंडी
260 _bअविष्कार प्रकाशन
365 _b50
600 _aपाटील दिलीप
630 _aकोंडी
700 _aपाटील दिलीप
730 _aकोंडी
942 _cBOOK
999 _c833169
_d833166